|
|
|
|
| LEADER |
01946cam a2200493 a 4500 |
| 001 |
nkc20132435018 |
| 003 |
CZ PrNK |
| 005 |
20171030104552.0 |
| 007 |
ta |
| 008 |
121029s2012 xr a e p 000 0 cze d |
| 015 |
|
|
|a cnb002435018
|
| 020 |
|
|
|a 978-80-86698-17-5
|q (brož.)
|z 80-86698-17-3
|
| 035 |
|
|
|a (OCoLC)847727401
|
| 040 |
|
|
|a OSA001
|b cze
|d ABA001
|
| 072 |
|
7 |
|a 621
|x Strojírenství
|2 Konspekt
|9 19
|
| 072 |
|
7 |
|a 37.016
|x Učební osnovy. Vyučovací předměty. Učebnice
|2 Konspekt
|9 22
|
| 080 |
|
|
|a 621.791.75
|2 MRF
|
| 080 |
|
|
|a 669.14
|2 MRF
|
| 080 |
|
|
|a (075)
|2 MRF
|
| 080 |
|
|
|a (079.1)
|2 MRF
|
| 100 |
1 |
|
|a Bartoš, Jaroslav,
|d 1949-
|7 mzk2005306635
|4 aut
|
| 245 |
1 |
0 |
|a Učebnice pro základní kurz svařování metodou 111 1.1 :
|b (ruční svařování elektrickým obloukem, obalenou elektrodou nelegovaných a nízkolegovaných ocelí) : se souborem testových otázek /
|c Jaroslav Bartoš
|
| 246 |
1 |
|
|i Název v tiráži:
|a Učebnice: Základní kurz svařování metodou 111 1.1 se souborem testových otázek
|
| 246 |
3 |
0 |
|a Ruční svařování elektrickým obloukem, obalenou elektrodou nelegovaných a nízkolegovaných ocelí
|
| 246 |
1 |
4 |
|a Základní kurz svařování metodou 111
|
| 250 |
|
|
|a 3., aktualiz. vyd.
|
| 260 |
|
|
|a V Ostravě :
|b ZEROSS,
|c c2012
|
| 300 |
|
|
|a 145 s. :
|b il. ;
|c 21 cm
|
| 490 |
1 |
|
|a Svařování
|
| 504 |
|
|
|a Obsahuje bibliografii
|
| 650 |
0 |
7 |
|a svařování elektrickým obloukem
|7 ph126303
|2 czenas
|
| 650 |
0 |
7 |
|a ocel
|7 ph123645
|2 czenas
|
| 650 |
0 |
9 |
|a electric welding
|2 eczenas
|
| 650 |
0 |
9 |
|a steel
|2 eczenas
|
| 655 |
|
7 |
|a učebnice
|7 fd133770
|2 czenas
|
| 655 |
|
7 |
|a testy
|7 fd133697
|2 czenas
|
| 655 |
|
9 |
|a textbooks
|2 eczenas
|
| 655 |
|
9 |
|a tests
|2 eczenas
|
| 830 |
|
0 |
|a Svařování
|0 s
|
| 910 |
2 |
|
|a BOA001
|b 2-1314.678
|
| 990 |
|
|
|a BK
|
| 995 |
|
|
|a 01
|
| 991 |
|
|
|b 201312
|e n
|
| 996 |
6 |
|
|b 2610572140
|c 2-1314.678
|l MZK
|r Sklad / do 1 hodiny
|n 1
|p p.v.
|w 001384449
|u 000010
|a 1
|e BOA001
|j MZK50
|s P
|